000 00836nam a2200229 a 4500
001 000047264
005 20240321112818.0
008 180425s2015 dr a 000 0 spa d
020 _a9789945123425
040 _aDO-SdBNP
_bspa
_cBNPHU
082 _axxxx
_bM538m
100 1 _aMéndez Matos, Sonnia
_974860
245 1 0 _aMatemática 1-2-3-4-5-6 :
_bguía didáctica y solucionario /
_cSonnia Méndez Matos, Marta Escaño González, Margarita Luciano López.
260 _aSanto Domingo :
_bSusaeta,
_c2015.
300 _a204 p. :
_bil. ;
_c27 cm.
500 _aEnfoque por competencias nuevo currículo.
500 _aLa biblioteca posee la guía didáctica
504 _aBibliografía : p. 204
590 _aInventariado, 2018/LP
700 1 _aEscaño González, Marta
_974861
700 1 _aLuciano López, Margarita,
_d1950-
_984993
999 _c46752
_d46752